[Event "Winnipeg Woodbury Memorial"]
[Site "Winnipeg"]
[Date "2019.11.26"]
[Round "4.16"]
[White "Gannon, Keith"]
[Black "Magyar, Peter"]
[Result "1-0"]
[WhiteElo "1503"]
[BlackElo "1502"]
[PlyCount "87"]
[EventDate "2019.11.05"]
[EventType "swiss"]
[EventRounds "6"]
[EventCountry "CAN"]
[SourceTitle "EXT 2023"]
[Source "ChessBase"]
[SourceDate "2022.10.05"]
[SourceVersion "1"]
[SourceVersionDate "2022.10.05"]
[SourceQuality "1"]

1. e4 e6 2. Nf3 c5 3. Be2 Be7 4. 0-0 d6 5. c4 e5 6. Nc3 Nf6 7. d3 Nc6 8. Re1 0-0 9. Bd2 a6 10. a3 Nd4 11. Nd5 b5 12. Nxe7+ Qxe7 13. Nxd4 cxd4 14. cxb5 axb5 15. Bg5 h6 16. Bxf6 Qxf6 17. Bf3 Bd7 18. Qd2 Rac8 19. Rac1 Qg6 20. g3 Bg4 21. Bxg4 Qxg4 22. Kg2 Qe6 23. f3 f5 24. Rf1 fxe4 25. fxe4 Rxf1 26. Rxc8+ Qxc8 27. Kxf1 Qh3+ 28. Kg1 Qd7 29. Qc2 d5 30. Qb3 Kf8 31. exd5 Ke7 32. Qb4+ Kf7 33. Qc5 Ke8 34. d6 Qe6 35. Qxb5+ Qd7 36. Qxe5+ Kf7 37. Qxd4 Qe6 38. Qf4+ Ke8 39. Qe4 Kd7 40. Qxe6+ Kxe6 41. b4 Kxd6 42. Kf2 g5 43. g4 Kc6 44. a4 1-0

[Event "Winnipeg op"]
[Site "Winnipeg"]
[Date "2019.06.18"]
[Round "3.13"]
[White "Myrzaibraimova, Alia"]
[Black "Gannon, Keith"]
[Result "0-1"]
[WhiteElo "1208"]
[BlackElo "1469"]
[PlyCount "142"]
[EventDate "2019.06.04"]
[EventType "swiss"]
[EventRounds "8"]
[EventCountry "CAN"]
[SourceTitle "EXT 2023"]
[Source "ChessBase"]
[SourceDate "2022.10.05"]
[SourceVersion "1"]
[SourceVersionDate "2022.10.05"]
[SourceQuality "1"]

1. e4 c5 2. d4 cxd4 3. Qxd4 d6 4. f4 Nc6 5. Qd1 Nf6 6. Nc3 Bg4 7. Be2 Bxe2 8. Ngxe2 e6 9. Be3 Ng4 10. Qd2 Nxe3 11. Qxe3 Be7 12. 0-0-0 Qa5 13. Qd3 Nb4 14. Qb5+ Qxb5 15. Nxb5 0-0 16. a3 Nc6 17. Nxd6 Bxd6 18. Rxd6 g6 19. Rhd1 a5 20. a4 Rfc8 21. Nd4 Nxd4 22. R1xd4 Kg7 23. Kd2 Rc7 24. Rd7 Rac8 25. Rxc7 Rxc7 26. c4 Kf6 27. h3 h5 28. Ke3 Ke7 29. e5 Ke8 30. g4 hxg4 31. hxg4 Ke7 32. Ke4 f5+ 33. gxf5 gxf5+ 34. Kf3 Rc5 35. b3 Rc8 36. Rd2 Rh8 37. Rg2 Rh3+ 38. Rg3 Rh7 39. c5 Kd7 40. Ke3 Kc6 41. Kd4 b6 42. cxb6 Kxb6 43. Rg6 Rd7+ 44. Kc4 Rc7+ 45. Kd3 Rd7+ 46. Ke3 Re7 47. Rg2 Kc5 48. Rc2+ Kb4 49. Rb2 Rc7 50. Kd3 Rc3+ 51. Kd4 Rf3 52. Rb1 Rxf4+ 53. Ke3 Re4+ 54. Kf3 Rxe5 55. Kg3 Re3+ 56. Kf2 Rxb3 57. Rxb3+ Kxb3 58. Ke2 Kxa4 59. Kd3 e5 60. Ke3 Kb3 61. Kd3 a4 62. Kd2 a3 63. Kc1 a2 64. Kd2 a1Q 65. Ke3 Qd4+ 66. Kf3 Qd3+ 67. Kf2 e4 68. Ke1 Qc2 69. Kf1 e3 70. Ke1 Qd2+ 71. Kf1 Qf2# 0-1

[Event "Winnipeg Divinsky Memorial"]
[Site "Winnipeg"]
[Date "2019.04.23"]
[Round "4.8"]
[White "Trueman, Francis"]
[Black "Gannon, Keith"]
[Result "0-1"]
[WhiteElo "1433"]
[BlackElo "1481"]
[PlyCount "130"]
[EventDate "2019.04.02"]
[EventType "swiss"]
[EventRounds "4"]
[EventCountry "CAN"]
[SourceTitle "EXT 2022"]
[Source "ChessBase"]
[SourceDate "2021.10.06"]
[SourceVersion "1"]
[SourceVersionDate "2021.10.06"]
[SourceQuality "1"]

1. e4 e5 2. d3 Nf6 3. Nd2 Bc5 4. h3 d5 5. Ngf3 Nc6 6. c3 0-0 7. a4 a5 8. g3 dxe4 9. dxe4 Re8 10. Bg2 Qd3 11. Qe2 Qxe2+ 12. Kxe2 b6 13. Nh2 Ba6+ 14. Ke1 Bd3 15. Bf3 Rad8 16. Ng4 Nxg4 17. Bxg4 g6 18. Be2 Bxe2 19. Kxe2 Rd7 20. Nb3 Bf8 21. Bg5 h6 22. Be3 Red8 23. h4 h5 24. Nd2 Kh7 25. Nf3 f6 26. Nh2 Bh6 27. Bxh6 Kxh6 28. Nf3 Na7 29. Rag1 Nc8 30. Rd1 Nd6 31. Nd2 Nb7 32. f3 Nc5 33. g4 hxg4 34. fxg4 Nxa4 35. g5+ fxg5 36. hxg5+ Kg7 37. Nc4 Rxd1 38. Rxd1 Rxd1 39. Kxd1 b5 40. Nxe5 Nxb2+ 41. Kc2 Na4 42. Nd7 Kf7 43. Kb3 Ke7 44. Nf6 Nc5+ 45. Ka3 Ke6 46. Nd5 c6 47. Nf4+ Kf7 48. e5 Ne6 49. Nh3 c5 50. Kb3 a4+ 51. Ka3 Ke7 52. c4 bxc4 53. Kxa4 Kd7 54. Ka3 Kc6 55. Kb2 Kd5 56. Kc3 Kxe5 57. Kxc4 Kd6 58. Kd3 Kd5 59. Kc3 c4 60. Kc2 Kd4 61. Kd2 c3+ 62. Kc2 Kc4 63. Kc1 Kb3 64. Nf2 Nxg5 65. Nd3 Ne4 0-1

[Event "Winnipeg TNT March op"]
[Site "Winnipeg"]
[Date "2019.03.05"]
[Round "1.7"]
[White "Gannon, Keith"]
[Black "Czarny, Keith"]
[Result "1/2-1/2"]
[WhiteElo "1483"]
[BlackElo "1690"]
[PlyCount "112"]
[EventDate "2019.03.05"]
[EventType "swiss"]
[EventRounds "4"]
[EventCountry "CAN"]
[SourceTitle "EXT 2022"]
[Source "ChessBase"]
[SourceDate "2021.10.06"]
[SourceVersion "1"]
[SourceVersionDate "2021.10.06"]
[SourceQuality "1"]

1. e4 Nf6 2. e5 Nd5 3. c4 Nb6 4. d4 e6 5. Nc3 Be7 6. c5 Nd5 7. Nxd5 exd5 8. Nf3 b6 9. b4 a5 10. Bd2 axb4 11. cxb6 cxb6 12. Bb5 Nc6 13. 0-0 0-0 14. Qc1 Bb7 15. Re1 Rc8 16. Qb2 Rc7 17. Bxc6 Rxc6 18. Bxb4 Bxb4 19. Qxb4 Qc7 20. Qb3 Rc4 21. Rab1 Ra8 22. Qxb6 Qxb6 23. Rxb6 Bc6 24. Reb1 g6 25. Rb8+ Rxb8 26. Rxb8+ Kg7 27. Rb1 Ra4 28. Ra1 Ra3 29. h3 Bb5 30. Rb1 Bc6 31. Rb2 f6 32. exf6+ Kxf6 33. Ne5 Ra4 34. Re2 Bb5 35. Rb2 Rxd4 36. Ng4+ Ke6 37. Rxb5 Rd1+ 38. Kh2 d4 39. a4 h5 40. Ne5 d3 41. Nxd3 Rxd3 42. a5 Ra3 43. Rb6+ d6 44. a6 Ke5 45. h4 Kd5 46. g3 Kc5 47. Rb8 d5 48. Rc8+ Kb6 49. Rd8 Kc5 50. Ra8 Kb6 51. Rg8 d4 52. Rxg6+ Ka7 53. Rd6 Rf3 54. Kg2 Rf5 55. Rxd4 Kxa6 56. Rd6+ Kb5 1/2-1/2

[Event "Winnipeg Woodbury Memorial"]
[Site "Winnipeg"]
[Date "2018.11.13"]
[Round "2.10"]
[White "Pramanik, Projjwal"]
[Black "Gannon, Keith"]
[Result "1-0"]
[WhiteElo "2123"]
[BlackElo "1514"]
[PlyCount "83"]
[EventDate "2018.11.06"]
[EventType "swiss"]
[EventRounds "7"]
[EventCountry "CAN"]
[SourceTitle "EXT 2022"]
[Source "ChessBase"]
[SourceDate "2021.10.06"]
[SourceVersion "1"]
[SourceVersionDate "2021.10.06"]
[SourceQuality "1"]

1. Nf3 d5 2. g3 g6 3. Bg2 Bg7 4. d3 Nc6 5. 0-0 e5 6. Nbd2 Nf6 7. c4 0-0 8. cxd5 Nxd5 9. Ne4 Re8 10. Bg5 f6 11. Bd2 Bf5 12. Qb3 Rb8 13. Nc5 e4 14. dxe4 Bxe4 15. Nxe4 Rxe4 16. Nh4 Nd4 17. Qd3 Nxe2+ 18. Kh1 Re5 19. f4 Ndxf4 20. Qxd8+ Rxd8 21. Bxf4 Nxf4 22. gxf4 Rb5 23. b3 f5 24. Rad1 Bd4 25. Nf3 c5 26. Rd3 a5 27. Rfd1 Rb4 28. a3 Rb6 29. Nxd4 cxd4 30. Rxd4 Rxd4 31. Rxd4 Kg7 32. Rd7+ Kh6 33. Bd5 g5 34. fxg5+ Kxg5 35. Rxh7 f4 36. Rxb7 Rxb7 37. Bxb7 Kg4 38. Kg2 Kf5 39. Kf3 Ke5 40. h4 Kd4 41. h5 Kc3 42. Bd5 1-0

[Event "Winnipeg op"]
[Site "Winnipeg"]
[Date "2018.07.10"]
[Round "6"]
[White "Marshall, Ken"]
[Black "Gannon, Keith"]
[Result "0-1"]
[WhiteElo "1500"]
[BlackElo "1544"]
[PlyCount "99"]
[EventDate "2018.06.05"]
[EventType "swiss"]
[EventRounds "8"]
[EventCountry "CAN"]
[SourceTitle "EXT 2022"]
[Source "ChessBase"]
[SourceDate "2021.10.06"]
[SourceVersion "1"]
[SourceVersionDate "2021.10.06"]
[SourceQuality "1"]

1. e4 e5 2. Nf3 d6 3. d4 exd4 4. Nxd4 Nf6 5. Nc3 Be7 6. Bc4 0-0 7. 0-0 a6 8. Re1 Nbd7 9. Nf5 Ne5 10. Nxe7+ Qxe7 11. Nd5 Nxd5 12. exd5 Qh4 13. Be2 Ng4 14. Bxg4 Qxg4 15. Qxg4 Bxg4 16. f3 Bf5 17. c4 b5 18. b3 bxc4 19. bxc4 Bd3 20. Ba3 Bxc4 21. Rec1 Bxd5 22. Rxc7 Rfd8 23. Rd1 Bxa2 24. Bxd6 h6 25. Rd2 Be6 26. Rcc2 a5 27. Ba3 Rxd2 28. Rxd2 a4 29. Kf2 Bb3 30. Ke3 Re8+ 31. Kd3 Rd8+ 32. Kc3 Rxd2 33. Kxd2 f6 34. g3 Kf7 35. Kd3 g5 36. Ke4 Ke6 37. f4 Bc2+ 38. Ke3 Kf5 39. h3 gxf4+ 40. gxf4 h5 41. Bb2 Bd1 42. Kf2 Kxf4 43. Bxf6 a3 44. Bg7 a2 45. Bh8 Bb3 46. Bc3 Ke4 47. Ke2 Be6 48. h4 Kf4 49. Kd3 Kg4 50. Be1 0-1

[Event "Winnipeg TNT April op"]
[Site "Winnipeg"]
[Date "2018.04.03"]
[Round "1"]
[White "Gannon, Keith"]
[Black "Boron, Anthony"]
[Result "0-1"]
[WhiteElo "1530"]
[BlackElo "2017"]
[PlyCount "126"]
[EventDate "2018.04.03"]
[EventType "swiss"]
[EventRounds "4"]
[EventCountry "CAN"]
[SourceTitle "EXT 2022"]
[Source "ChessBase"]
[SourceDate "2021.10.06"]
[SourceVersion "1"]
[SourceVersionDate "2021.10.06"]
[SourceQuality "1"]

1. Nf3 d5 2. d4 Nf6 3. Nc3 g6 4. g3 Bg7 5. Bg2 0-0 6. 0-0 Re8 7. Re1 c6 8. e4 dxe4 9. Nxe4 Nxe4 10. Rxe4 Bf5 11. Re1 Nd7 12. c3 Nf6 13. Ne5 Nd7 14. Nxd7 Qxd7 15. Be3 a5 16. Qd2 a4 17. a3 Be6 18. Rac1 Bc4 19. Bf1 Bxf1 20. Rxf1 Ra5 21. f4 Rb5 22. Rc2 Rd8 23. Qf2 Qf5 24. Rfc1 Rb3 25. Qf3 Qb5 26. Qe2 Qd5 27. Qg2 Qe6 28. Qe2 Qe4 29. Qf2 Rd5 30. Re1 Qf5 31. Rce2 Qd3 32. Rd2 Qf5 33. Qf3 Rd7 34. g4 Qb5 35. Qf2 h5 36. g5 Qf5 37. Qg3 Qb5 38. Qf2 e6 39. h4 Qf5 40. Qg3 Bf8 41. Kh2 Qb5 42. Ree2 Rd5 43. Qg2 Rf5 44. Kh3 Bd6 45. Rf2 Qc4 46. Qg1 Qd5 47. Qf1 Qe4 48. Rf3 Rfb5 49. Qe2 Rxb2 50. Kg3 Rxd2 51. Qxd2 Bxa3 52. Qa2 Rb3 53. Bd2 Qf5 54. Kf2 Qg4 55. Qc2 Qxh4+ 56. Rg3 Bd6 57. Qe4 Rb2 58. Qe3 Bxf4 59. Qf3 Rxd2+ 60. Ke1 Ra2 61. d5 Qxg3+ 62. Qxg3 Bxg3+ 63. Kd1 cxd5 0-1

[Event "Winnipeg Rosenbloom Memorial"]
[Site "Winnipeg"]
[Date "2017.12.12"]
[Round "6"]
[White "Gannon, Keith"]
[Black "Czarny, Keith"]
[Result "1-0"]
[WhiteElo "1462"]
[BlackElo "1688"]
[PlyCount "79"]
[EventDate "2017.11.07"]
[EventType "swiss"]
[EventRounds "7"]
[EventCountry "CAN"]
[SourceTitle "EXT 2022"]
[Source "ChessBase"]
[SourceDate "2021.10.06"]
[SourceVersion "1"]
[SourceVersionDate "2021.10.06"]
[SourceQuality "1"]

1. e4 e6 2. Nf3 d5 3. exd5 exd5 4. d4 Bg4 5. Be2 Bd6 6. h3 Bh5 7. 0-0 Ne7 8. Nc3 0-0 9. Nb5 Re8 10. Nxd6 Qxd6 11. Re1 Nd7 12. Ne5 Bxe2 13. Rxe2 Rad8 14. Nxd7 Rxd7 15. a3 Kf8 16. Bd2 b6 17. Qe1 c5 18. dxc5 bxc5 19. b4 Qb8 20. bxc5 Nc6 21. Rb1 Qd8 22. Bf4 Rxe2 23. Qxe2 Re7 24. Qb5 Re6 25. Bd6+ Rxd6 26. cxd6 Qxd6 27. Re1 g6 28. a4 f6 29. a5 d4 30. a6 Ne5 31. Qb7 Qc5 32. Qa8+ Kg7 33. Rb1 d3 34. cxd3 Nxd3 35. Rb7+ Kh6 36. Qxa7 Qc1+ 37. Kh2 Qf4+ 38. g3 Qf3 39. Rxh7+ Kg5 40. Qe3+ 1-0

[Event "Winnipeg Rosenbloom Memorial"]
[Site "Winnipeg"]
[Date "2017.11.??"]
[Round "2"]
[White "Letain, Cory"]
[Black "Gannon, Keith"]
[Result "0-1"]
[WhiteElo "1613"]
[BlackElo "1401"]
[PlyCount "98"]
[EventDate "2017.11.07"]
[EventType "swiss"]
[EventRounds "7"]
[EventCountry "CAN"]
[SourceTitle "EXT 2022"]
[Source "ChessBase"]
[SourceDate "2021.10.06"]
[SourceVersion "1"]
[SourceVersionDate "2021.10.06"]
[SourceQuality "1"]

1. e4 c5 2. c3 d6 3. Nf3 Nf6 4. e5 dxe5 5. Nxe5 e6 6. Bb5+ Bd7 7. Nxd7 Nbxd7 8. 0-0 Bd6 9. d4 cxd4 10. cxd4 0-0 11. Bg5 Qa5 12. Nc3 a6 13. Bxf6 Nxf6 14. Bd3 Qh5 15. Qxh5 Nxh5 16. Be4 Rab8 17. d5 exd5 18. Bxd5 Nf4 19. Rad1 Be5 20. Rc1 Bxc3 21. bxc3 Ne2+ 22. Kh1 Nxc1 23. Rxc1 b5 24. c4 bxc4 25. Bxc4 Rb6 26. h3 Rfb8 27. Kh2 a5 28. Rd1 a4 29. Rd7 Rf6 30. Ra7 Rxf2 31. Rxa4 Rf4 32. Kg3 g5 33. Bb3 Rxa4 34. Bxa4 Kg7 35. Bb3 Rb4 36. Kf3 f5 37. Ke3 h5 38. Kd3 f4 39. Kc3 Re4 40. a4 Re3+ 41. Kb4 Re4+ 42. Bc4 g4 43. hxg4 hxg4 44. Kc5 f3 45. gxf3 gxf3 46. a5 Rxc4+ 47. Kxc4 f2 48. a6 f1Q+ 49. Kc5 Qxa6 0-1

[Event "Winnipeg op"]
[Site "Winnipeg"]
[Date "2017.07.25"]
[Round "8"]
[White "Trueman, Francis"]
[Black "Gannon, Keith"]
[Result "1/2-1/2"]
[WhiteElo "1424"]
[BlackElo "1618"]
[PlyCount "117"]
[EventDate "2017.06.06"]
[EventType "swiss"]
[EventRounds "8"]
[EventCountry "CAN"]
[SourceTitle "EXT 2022"]
[Source "ChessBase"]
[SourceDate "2021.10.06"]
[SourceVersion "1"]
[SourceVersionDate "2021.10.06"]
[SourceQuality "1"]

1. e4 e5 2. d3 Nf6 3. Nd2 Be7 4. Ngf3 Nc6 5. g3 0-0 6. Bg2 d5 7. 0-0 Re8 8. Re1 d4 9. Qe2 Nb4 10. Nf1 Bg4 11. h4 c5 12. N1h2 Bxf3 13. Nxf3 Nc6 14. Nh2 b5 15. g4 Nd7 16. g5 g6 17. Bh3 a5 18. Ng4 f6 19. f4 exf4 20. Nh6+ Kg7 21. Bxd7 Qxd7 22. Bxf4 fxg5 23. hxg5 Bd6 24. Rf1 Bxf4 25. Rxf4 Ne5 26. Qh2 Rf8 27. Qg3 Qe7 28. Raf1 Rxf4 29. Rxf4 Rf8 30. Rxf8 Kxf8 31. Qf4+ Kg7 32. Kg2 c4 33. dxc4 bxc4 34. Ng4 Nxg4 35. Qxg4 h6 36. gxh6+ Kxh6 37. Qh3+ Kg7 38. Qg4 g5 39. a4 c3 40. bxc3 dxc3 41. Qf5 Kh6 42. Qh3+ Kg6 43. Qf5+ Kg7 44. Kg3 Qd6+ 45. Kh3 Qd2 46. e5 Qe3+ 47. Kg2 Qe2+ 48. Kg3 Qe3+ 49. Kg2 Qd2+ 50. Kg3 Qe1+ 51. Kg2 Qd2+ 52. Kf3 Qd1+ 53. Kf2 Qd4+ 54. Kf3 Qd1+ 55. Kf2 g4 56. Qf6+ Kg8 57. Qg5+ Kf8 58. Qf5+ Ke8 59. Qe6+ 1/2-1/2